[Event "8th OIBM"]
[Site "Bad Wiessee"]
[Date "2004.11.03"]
[Round "5"]
[White "Potkin, Vladimir"]
[Black "Miroshnichenko, Evgenij"]
[Result "1/2-1/2"]
[WhiteElo "2540"]
[BlackElo "2617"]
[PlyCount "44"]
[EventDate "2004.10.30"]
[Source "Roberto Alvarez"]
[SourceDate "2004.11.15"]

1. e4 c5 2. Nf3 d6 3. d4 Nf6 4. Nc3 cxd4 5. Nxd4 Nc6 6. Bg5 Qb6 7. Nb3 e6 8. Qd2 Be7 9. Bxf6 gxf6 10. a4 a6 11. a5 Qc7 12. Na4 O-O 13. Nb6 Rb8 14. Bd3 Kh8 15. O-O Rg8 16. f4 Rg7 17. Kh1 Bd7 18. Rf3 Bd8 19. Nc4 Ne7 20. Nb6 Nc6 21. Nc4 Ne7 22. Nb6 Nc6 1/2-1/2

[Event "Campionato europeo 2007"]
[Site "Dresda GER"]
[Date "2007.04.11"]
[Round "8.67"]
[White "Petrik, Tomas"]
[Black "Najer, Evgeniy"]
[Result "0-1"]
[WhiteElo "2522"]
[BlackElo "2624"]
[PlyCount "150"]
[EventDate "2007.04.03"]
[Source "www.chesslib.no"]
[SourceDate "2004.05.04"]

1. e4 c5 2. Nf3 Nc6 3. d4 cxd4 4. Nxd4 Nf6 5. Nc3 d6 6. Bg5 Qb6 7. Nb3 e6 8. Bd3 Be7 9. O-O a6 10. a4 Qc7 11. a5 Bd7 12. Qe2 Nb4 13. Bd2 O-O 14. Nb5 Bxb5 15. Bxb4 Bxd3 16. cxd3 Rfc8 17. Rfc1 Qd7 18. Qd2 e5 19. Rxc8+ Rxc8 20. Rc1 Kf8 21. f3 Rxc1+ 22. Qxc1 Qc6 23. Qc4 Ne8 24. Nd2 Nc7 25. d4 exd4 26. Qxd4 Nb5 27. Qc4 Bg5 28. Qxc6 bxc6 29. Nc4 Be7 30. Kf2 Ke8 31. Ke3 Kd7 32. Kd3 Ke6 33. Be1 g6 34. Ne3 Bf6 35. b3 Bd8 36. Nc2 Kd7 37. Bd2 h5 38. Be1 Nc7 39. Nd4 Bf6 40. Nc2 Be5 41. Bg3 Bxg3 42. hxg3 d5 43. Nb4 dxe4+ 44. Kxe4 Kd6 45. Nd3 Ne6 46. Nc1 f5+ 47. Ke3 Kd5 48. Nd3 c5 49. Kd2 g5 50. Ke3 Nc7 51. b4 cxb4 52. Nxb4+ Kc5 53. Nc2 Nd5+ 54. Kd2 Kc4 55. f4 g4 56. Ne1 Nf6 57. Ke3 Ne4 58. Nc2 Nxg3 59. Kf2 h4 60. Ne3+ Kc5 61. Kg1 Kb5 62. Nd5 Kxa5 63. Ne7 Kb4 64. Ng6 a5 65. Nxh4 a4 66. Kf2 a3 67. Kxg3 a2 68. Nxf5 a1=Q 69. Kxg4 Qf6 70. Ng3 Kc4 71. f5 Qg7+ 72. Kf4 Kd5 73. Nf1 Qh6+ 74. Kf3 Ke5 75. Ne3 Qf4+ 0-1

[Event "ch-AZE"]
[Site "Baku AZE"]
[Date "2008.01.28"]
[Round "9"]
[White "Guliyev, N."]
[Black "Mamedov, Nid"]
[Result "0-1"]
[WhiteElo "2570"]
[BlackElo "2574"]
[PlyCount "74"]
[EventDate "2008.01.19"]
[Source "www.chesslib.no"]
[SourceDate "2004.05.04"]

1. e4 c5 2. Nf3 d6 3. d4 cxd4 4. Nxd4 Nf6 5. Nc3 Nc6 6. Bg5 e6 7. Qd2 Qb6 8. Bxf6 gxf6 9. Nb3 Bd7 10. O-O-O O-O-O 11. Kb1 Kb8 12. f4 Na5 13. Be2 Nxb3 14. axb3 h5 15. Rhf1 Be7 16. f5 Qc5 17. Bf3 Bc6 18. Qe2 h4 19. Nd5 exd5 20. exd5 Bb5 21. c4 Bd7 22. Qxe7 Bxf5+ 23. Kc1 Rhe8 24. Qxf6 Qe3+ 25. Rd2 Qxb3 26. Be2 Bg6 27. Qc3 Qa2 28. Kd1 Re3 29. Qc1 Rde8 30. Rf2 Qb3+ 31. Ke1 Bd3 32. c5 Qxd5 33. cxd6 Qxd6 34. Qd1 a5 35. Qa4 Qxh2 36. Rxd3 Qg1+ 37. Kd2 Qxf2 0-1

[Event "SCG First League m"]
[Site "?"]
[Date "2005.10.26"]
[Round "10"]
[White "Kotronias Vasilios"]
[Black "Perunovic Milos"]
[Result "1/2-1/2"]
[WhiteElo "2626"]
[BlackElo "2514"]
[PlyCount "102"]
[EventDate "2005.??.??"]
[Source "www.chesslib.no"]
[SourceDate "2004.05.04"]

1. e4 c5 2. Nf3 d6 3. d4 cxd4 4. Nxd4 Nf6 5. Nc3 Nc6 6. Bg5 Qb6 7. Nb3 e6 8. Bxf6 gxf6 9. Qd2 a6 10. O-O-O Bd7 11. f4 O-O-O 12. Be2 h5 13. Kb1 Kb8 14. Rhf1 Be7 15. Qe1 Na5 16. f5 Nxb3 17. axb3 Rdg8 18. Bf3 h4 19. h3 Rc8 20. fxe6 fxe6 21. Bg4 Qc5 22. Rf2 Qe5 23. Nd5 Bd8 24. Nf4 Rg8 25. Qd2 Be7 26. Re1 Rc7 27. b4 Bc8 28. c3 Rc4 29. Qc2 Rc7 30. Rff1 Bf8 31. Nd3 Qg5 32. Nc1 Bd7 33. Qd1 Qe5 34. Qb3 Bh6 35. Nd3 Qg3 36. Rf3 Qxg2 37. Rxf6 Rxg4 38. hxg4 Bg5 39. Rf8+ Rc8 40. Rxc8+ Bxc8 41. b5 Qg3 42. Rd1 axb5 43. e5 h3 44. Qb4 h2 45. Qxd6+ Ka7 46. Kc2 Qg2+ 47. Kb3 h1=Q 48. Qa3+ Kb8 49. Qd6+ Ka7 50. Qa3+ Kb8 51. Qd6+ Ka7 1/2-1/2

[Event "EU-chT (Men)"]
[Site "Debrecen"]
[Date "1992.??.??"]
[Round "6"]
[White "Kotronias, Vasilios"]
[Black "Kovalev, Andrei"]
[Result "1-0"]
[WhiteElo "2560"]
[BlackElo "2570"]
[PlyCount "79"]
[EventDate "1992.11.??"]
[Source "ChessBase"]

1. e4 c5 2. Nf3 d6 3. d4 cxd4 4. Nxd4 Nf6 5. Nc3 Nc6 6. Bg5 a6 7. Qd2 Nxd4 8. Qxd4 e5 9. Qa4+ Bd7 10. Bxf6 Qxf6 11. Bb5 Qd8 12. Bxd7+ Qxd7 13. Qb3 Be7 14. Nd5 Bd8 15. O-O O-O 16. Rfd1 Rc8 17. Rd3 Re8 18. Rad1 Re6 19. Rc3 Rc6 20. Rdd3 Ba5 21. Rxc6 Qxc6 22. h3 g6 23. Rf3 Kg7 24. Qa3 Bd8 25. Rc3 Qd7 26. Qb4 Re8 27. a4 Rf8 28. Rb3 Qc6 29. Ne3 Bg5 30. Rc3 Qd7 31. Nc4 b5 32. axb5 axb5 33. Qxd6 Qb7 34. Rb3 Rd8 35. Qxe5+ f6 36. Rxb5 Rd1+ 37. Kh2 Qa7 38. Qc5 Qd7 39. g3 Rc1 40. Nd6 1-0

[Event "RUS-ch"]
[Site "Elista"]
[Date "1995.??.??"]
[Round "8"]
[White "Korneev, Oleg"]
[Black "Vasiukov, Evgeni"]
[Result "0-1"]
[WhiteElo "2605"]
[BlackElo "2515"]
[PlyCount "95"]
[EventDate "1995.10.??"]
[Source "ChessBase"]

1. e4 c5 2. Nf3 Nc6 3. d4 cxd4 4. Nxd4 Nf6 5. Nc3 d6 6. Bg5 Qb6 7. Nb3 e6 8. Bxf6 gxf6 9. Qd2 a6 10. O-O-O Bd7 11. f4 h5 12. g3 O-O-O 13. Kb1 Kb8 14. Be2 h4 15. g4 Rc8 16. h3 Be7 17. Rhf1 Rc7 18. Rf3 Rhc8 19. Na4 Qa7 20. c4 Nd4 21. Nxd4 Bxa4 22. Rc1 Bf8 23. Rff1 Qb6 24. Nf3 Be7 25. Qd4 Rc5 26. Bd3 a5 27. Ng1 d5 28. exd5 exd5 29. Ne2 dxc4 30. Bxc4 f5 31. g5 Bc6 32. a3 Bg2 33. Rg1 Be4+ 34. Ka1 Ka7 35. Rc3 Rd8 36. Qe3 Rc6 37. Qxb6+ Rxb6 38. Bxf7 Rd2 39. g6 Bf6 40. g7 Bxg7 41. Rxg7 Rxe2 42. Rg1 Rbxb2 43. Rgc1 Rbd2 44. Bc4 Rf2 45. Be6 Rxf4 46. Rc5 Kb6 47. a4 Bc6 48. R5c4 0-1

[Event "Europa ch 2008"]
[Site "Plovdiv BUL"]
[Date "2008.04.24"]
[Round "4.50"]
[White "L'Ami, Erwin"]
[Black "Bindrich, Falko"]
[Result "1/2-1/2"]
[WhiteElo "2600"]
[BlackElo "2513"]
[PlyCount "57"]
[EventDate "2008.04.21"]
[Source "www.chesslib.no"]
[SourceDate "2004.05.04"]

1. e4 c5 2. Nf3 d6 3. d4 cxd4 4. Nxd4 Nf6 5. Nc3 Nc6 6. Bg5 Qb6 7. Nb3 e6 8. Qd2 a6 9. Bxf6 gxf6 10. O-O-O Bd7 11. f4 O-O-O 12. Be2 h5 13. Rhf1 h4 14. Rf3 Kb8 15. Kb1 Rc8 16. Qe1 Nb4 17. Nd4 Bg7 18. f5 Bf8 19. Qf1 Qc5 20. Nb3 Qb6 21. Qf2 Qxf2 22. Rxf2 Be7 23. Bg4 Nc6 24. fxe6 fxe6 25. Nc5 dxc5 26. Rxd7 Ne5 27. Rxe7 Nxg4 28. Rd2 Rcd8 29. Rxd8+ 1/2-1/2

[Event "Paris-ch op"]
[Site "Paris"]
[Date "2002.07.13"]
[Round "8"]
[White "Fressinet, Laurent"]
[Black "Chabanon, Jean Luc"]
[Result "0-1"]
[WhiteElo "2619"]
[BlackElo "2483"]
[PlyCount "128"]
[EventDate "2002.07.06"]
[Source "ChessBase"]
[SourceDate "2002.09.11"]

1. e4 c5 2. Nf3 d6 3. d4 cxd4 4. Nxd4 Nf6 5. Nc3 Nc6 6. Bg5 Qb6 7. Bxf6 gxf6 8. Nb3 e6 9. Qd2 a6 10. O-O-O Bd7 11. f4 O-O-O 12. Be2 h5 13. h4 Kb8 14. Kb1 Rc8 15. Bf3 Be7 16. Ne2 a5 17. Nc3 Nb4 18. Qd4 Qc7 19. a3 Nc6 20. Qe3 Na7 21. Rd2 a4 22. Nd4 Qb6 23. Nf5 Qxe3 24. Nxe3 Bc6 25. Ne2 Rcg8 26. Rh3 Nc8 27. Rd1 Bd8 28. Nd4 Bd7 29. Rhh1 Ne7 30. Ne2 Bc7 31. Nc4 Nc8 32. Nd4 Rg7 33. Ne3 d5 34. exd5 Bxf4 35. Nc4 Bc7 36. d6 Bd8 37. Ne2 Nb6 38. Rd4 Nd5 39. Bxd5 exd5 40. Rxd5 Rxg2 41. Nd4 Rg4 42. Ne3 Re4 43. Nef5 Rhe8 44. Ng3 Re1+ 45. Rxe1 Rxe1+ 46. Ka2 Re5 47. c4 Bg4 48. Ndf5 Kc8 49. Ng7 Kd7 50. Rd4 f5 51. N7xh5 Bxh4 52. Rd3 Bg5 53. Rd4 b6 54. b3 Bxh5 55. Nxh5 Re2+ 56. Kb1 axb3 57. Rd5 Rh2 58. Ng3 Rg2 59. Nxf5 Bf6 60. Ne3 Rb2+ 61. Kc1 Ra2 62. Nd1 Ra1+ 63. Kd2 b2 64. Nxb2 Bxb2 0-1

[Event "Cannes 85/221"]
[Site "?"]
[Date "2002.??.??"]
[Round "?"]
[White "Nisipeanu, L.-D."]
[Black "Chabanon, J.-L."]
[Result "1/2-1/2"]
[WhiteElo "2608"]
[BlackElo "2483"]
[PlyCount "51"]
[EventDate "2002.??.??"]
[Source "Chess Informant"]
[SourceDate "2002.06.01"]

1. e4 c5 2. Nf3 d6 3. d4 cxd4 4. Nxd4 Nf6 5. Nc3 Nc6 6. Bg5 Qb6 7. Nb3 e6 8. Be2 Bd7 9. O-O a6 10. a4 Qc7 11. a5 Be7 12. Be3 Ne5 13. Bb6 Qc8 14. f4 Nc4 15. Bd4 e5 16. Bxc4 Qxc4 17. fxe5 dxe5 18. Bxe5 Nxe4 19. Nxe4 Qxe4 20. Re1 Qc4 21. Bd6 Be6 22. Bxe7 Kxe7 23. Nd4 Rhd8 24. c3 Kf8 25. Nxe6+ fxe6 26. Qf3+ 1/2-1/2

[Event "III President's Cup"]
[Site "Baku AZE"]
[Date "2008.05.14"]
[Round "3"]
[White "Najer, E."]
[Black "Magalashvili, Da"]
[Result "1-0"]
[WhiteElo "2627"]
[BlackElo "2462"]
[PlyCount "79"]
[EventDate "2008.05.12"]
[Source "www.chesslib.no"]
[SourceDate "2004.05.04"]

1. e4 c5 2. Nf3 d6 3. d4 cxd4 4. Nxd4 Nf6 5. Nc3 Nc6 6. Bg5 e6 7. Qd2 Qb6 8. Bxf6 gxf6 9. Nb3 a6 10. O-O-O Bd7 11. f4 O-O-O 12. Be2 h5 13. Rhf1 Kb8 14. Kb1 Be7 15. Rf3 h4 16. Rh3 Qf2 17. Rf3 Qb6 18. Qe1 Rc8 19. Rh3 Rhg8 20. Bf1 Nb4 21. Qxh4 d5 22. exd5 e5 23. fxe5 Bxh3 24. Qxh3 Qf2 25. Nd2 fxe5 26. a3 Nxc2 27. Kxc2 e4 28. Kb1 f5 29. Nc4 Bc5 30. Qh6 e3 31. d6 Rgd8 32. Qe6 Rc6 33. Qe7 Rdxd6 34. Nxd6 Rxd6 35. Rxd6 Qxf1+ 36. Rd1 Qxd1+ 37. Nxd1 Bxe7 38. Nxe3 f4 39. Nd5 Bd6 40. h4 1-0

[Event "Open"]
[Site "?"]
[Date "2003.05.25"]
[Round "6.5"]
[White "Karjakin Sergey"]
[Black "Miroshnichenko Evgenij"]
[Result "0-1"]
[WhiteElo "2556"]
[BlackElo "2531"]
[PlyCount "68"]
[EventDate "2003.??.??"]
[Source "www.chesslib.no"]
[SourceDate "2004.05.04"]

1. e4 c5 2. Nf3 d6 3. d4 Nf6 4. Nc3 cxd4 5. Nxd4 Nc6 6. Bg5 Qb6 7. Ndb5 a6 8. Bxf6 gxf6 9. Nd5 Qa5+ 10. Nbc3 f5 11. Bd3 e6 12. Ne3 fxe4 13. Bxe4 d5 14. Bf3 Bg7 15. O-O Bd7 16. Re1 O-O-O 17. Nf1 h5 18. Qd2 Ne5 19. Qf4 Qc7 20. Rad1 Bc6 21. Ne2 Bh6 22. Qh4 Nxf3+ 23. gxf3 Rdg8+ 24. Kh1 e5 25. Qxh5 Bd2 26. Qf5+ Bd7 27. Qxf7 Bxe1 28. Rxe1 Qb6 29. Neg3 Rxg3 30. fxg3 Qf2 31. Qf6 Re8 32. Rd1 Bh3 33. Ne3 Qxe3 34. g4 Bg2+ 0-1

[Event "Augsburg 9394"]
[Site "Augsburg GER"]
[Date "1994.??.??"]
[Round "?"]
[White "Howell, James C"]
[Black "Gavrikov, Viktor N"]
[Result "1/2-1/2"]
[WhiteElo "2495"]
[BlackElo "2580"]
[PlyCount "22"]
[EventDate "1993.12.??"]
[Source "www.chesslib.no"]
[SourceDate "2004.05.04"]

1. e4 c5 2. Nf3 d6 3. d4 cxd4 4. Nxd4 Nf6 5. Nc3 a6 6. Bg5 Nc6 7. Qd3 e5 8. O-O-O Bd7 9. Be2 h6 10. Bh4 Rc8 11. f4 b5 1/2-1/2

[Event "8th OIBM"]
[Site "Bad Wiessee"]
[Date "2004.11.05"]
[Round "7"]
[White "Van der Weide, Karel"]
[Black "Miroshnichenko, Evgenij"]
[Result "1/2-1/2"]
[WhiteElo "2457"]
[BlackElo "2617"]
[PlyCount "53"]
[EventDate "2004.10.30"]
[Source "Roberto Alvarez"]
[SourceDate "2004.11.15"]

1. e4 c5 2. Nf3 d6 3. d4 Nf6 4. Nc3 cxd4 5. Nxd4 Nc6 6. Bg5 Qb6 7. Nb3 e6 8. Bxf6 gxf6 9. Qd2 a6 10. O-O-O Bd7 11. f4 O-O-O 12. Kb1 Kb8 13. Be2 h5 14. Rhf1 Be7 15. Rf3 Rdg8 16. Bf1 Rc8 17. Rh3 Na5 18. Be2 Nxb3 19. axb3 Qa5 20. f5 h4 21. Qe1 Qe5 22. Rxh4 Bc6 23. Bf3 Rcg8 24. Qf2 Bd8 25. Rxh8 Rxh8 26. h3 Ba5 27. fxe6 1/2-1/2

[Event "ESP-chT Div 1"]
[Site "Cala Galdana"]
[Date "1999.11.10"]
[Round "3"]
[White "Korneev, Oleg"]
[Black "Corral Blanco, Juan Antonio"]
[Result "0-1"]
[WhiteElo "2615"]
[BlackElo "2459"]
[PlyCount "114"]
[EventDate "1999.11.08"]
[Source "www.chesslib.no"]
[SourceDate "2004.05.04"]

1. e4 c5 2. Nf3 Nc6 3. d4 cxd4 4. Nxd4 Nf6 5. Nc3 d6 6. Bg5 Qa5 7. Bxf6 gxf6 8. Nb3 Qg5 9. Nd5 Rb8 10. f4 Qg6 11. Qd3 Bh6 12. g3 f5 13. Bg2 fxe4 14. Bxe4 f5 15. Bg2 O-O 16. O-O Bg7 17. c3 Kh8 18. Nd2 e5 19. Rfd1 e4 20. Qe2 h5 21. a4 Be6 22. Ne3 Rbd8 23. Nc2 Bf6 24. Qe3 Rd7 25. Bf1 Bd8 26. Bb5 Bb6 27. Nd4 a6 28. Bxc6 bxc6 29. a5 Ba7 30. Qe2 h4 31. Nf1 Rh7 32. Kf2 hxg3+ 33. hxg3 Bb3 34. Re1 d5 35. Ke3 Bc4 36. Qg2 c5 37. Nc2 d4+ 38. Kd2 e3+ 39. Kc1 Qe6 40. b4 e2 41. Nd2 d3 42. Kb2 dxc2 43. Nxc4 Qxc4 44. Qxe2 Qxe2 45. Rxe2 cxb4 46. Kxc2 Rc7 47. Rh1+ Kg8 48. c4 Rxc4+ 49. Kb3 Re4 50. Rxe4 fxe4 51. Kxb4 Bf2 52. Kc3 Rd8 53. Rh5 Rd3+ 54. Kc4 Rxg3 55. Rh6 Ra3 56. Rxa6 Kf7 57. Ra7+ Bxa7 0-1

[Event "VIII Dos Hermanas Internet"]
[Site "ICC INT"]
[Date "2007.03.23"]
[Round "1.5"]
[White "Zinchenko, Ya"]
[Black "Kogan, Ar"]
[Result "1-0"]
[WhiteElo "2507"]
[BlackElo "2566"]
[PlyCount "111"]
[EventDate "2007.03.23"]
[Source "www.chesslib.no"]
[SourceDate "2004.05.04"]

1. e4 c5 2. Nf3 Nc6 3. d4 cxd4 4. Nxd4 Nf6 5. Nc3 d6 6. Bg5 Qb6 7. Nb3 e6 8. Bxf6 gxf6 9. Qd2 Bd7 10. O-O-O O-O-O 11. f4 Rg8 12. Kb1 Kb8 13. Qe2 Na5 14. Qh5 Nxb3 15. axb3 Rg7 16. g3 Rc8 17. Bc4 Rc5 18. Qf3 Qa5 19. Rhf1 b5 20. Bd3 Be7 21. Ne2 Qb6 22. Nd4 Rc8 23. Ne2 Bc6 24. Qh5 Ka8 25. Nc3 a6 26. f5 b4 27. Ne2 e5 28. Qf3 Qb7 29. Nc1 a5 30. Qe2 Qb6 31. Bc4 a4 32. Bd5 a3 33. bxa3 bxa3 34. Na2 Kb8 35. Bxc6 Rxc6 36. Rd5 Kc8 37. Rfd1 Rg8 38. Rb5 Qa7 39. Nb4 Rc5 40. Ka2 Kd7 41. Nd5 Rc6 42. Qd2 Rb8 43. Rxb8 Qxb8 44. c4 Bd8 45. Qh6 Qa7 46. Rd2 Kc8 47. Qf8 Rc5 48. Nxf6 Qa5 49. Qxd6 Qb4 50. Qd7+ Kb8 51. Qxd8+ Rc8 52. Qd6+ Qxd6 53. Rxd6 Rc7 54. Rd8+ Kb7 55. Rd6 Rd7 56. Rxd7+ 1-0

[Event "5. Memorial Narciso Yepes"]
[Site "Lorca"]
[Date "2004.06.29"]
[Round "7"]
[White "Kolev, Atanas"]
[Black "Hernandez, Gilberto"]
[Result "1-0"]
[WhiteElo "2540"]
[BlackElo "2530"]
[PlyCount "69"]
[EventDate "2000.06.26"]
[Source "Roberto Alvarez"]
[SourceDate "2004.07.12"]

1. e4 c5 2. Nf3 d6 3. d4 cxd4 4. Nxd4 Nf6 5. Nc3 Nc6 6. Bg5 Qb6 7. Be3 Bd7 8. Nb3 Qc7 9. Nd5 Qc8 10. f3 e6 11. Nxf6+ gxf6 12. Qd2 Qc7 13. O-O-O Be7 14. Kb1 Ne5 15. Bd4 Rc8 16. f4 Nc4 17. Bxc4 Qxc4 18. e5 dxe5 19. fxe5 f5 20. Bc5 Ba4 21. Bxe7 Kxe7 22. Nd4 Qc5 23. b3 Bc6 24. Qg5+ Ke8 25. Nxe6 fxe6 26. Qf6 Be4 27. Qxh8+ Qf8 28. Qxf8+ Kxf8 29. Rd2 Rc5 30. Kb2 Rxe5 31. Re1 h5 32. Rd7 Rc5 33. c4 e5 34. g3 h4 35. Red1 1-0

[Event "Los Angeles CA"]
[Site "?"]
[Date "1999.05.31"]
[Round "6"]
[White "Ziatdinov Raset"]
[Black "Gufeld Eduard"]
[Result "1/2-1/2"]
[WhiteElo "2500"]
[BlackElo "2565"]
[PlyCount "87"]
[EventDate "1999.??.??"]
[Source "www.chesslib.no"]
[SourceDate "2004.05.04"]

1. e4 c5 2. Nf3 d6 3. d4 cxd4 4. Nxd4 Nf6 5. Nc3 Nc6 6. Bg5 Qb6 7. Nb3 e6 8. Bxf6 gxf6 9. Qh5 a6 10. Bd3 Bg7 11. O-O Bd7 12. Kh1 Qd8 13. f4 Qe7 14. Rae1 O-O-O 15. Nd5 Qe8 16. Nb6+ Kc7 17. Nxd7 Qxd7 18. Na5 Nxa5 19. Qxa5+ Kb8 20. b4 Qc7 21. Qa4 d5 22. b5 dxe4 23. Rxe4 axb5 24. Bxb5 Rd5 25. Rc4 Qb6 26. Rb4 Rhd8 27. Bd3 Rd4 28. Rxb6 Rxa4 29. Rfb1 Ra7 30. f5 exf5 31. Bxf5 h6 32. h3 Rd4 33. Re1 Kc7 34. Rb3 Bf8 35. Rc3+ Kb6 36. Rc8 Bd6 37. c3 Rd5 38. Rb1+ Rb5 39. Rxb5+ Kxb5 40. Bd3+ Ka5 41. Bc4 b5 42. Bd5 Re7 43. g4 Re3 44. Kg2 1/2-1/2

[Event "EU-ch 4th"]
[Site "?"]
[Date "2003.06.05"]
[Round "6"]
[White "Jobava Baadur"]
[Black "Bocharov Dmitry"]
[Result "1-0"]
[WhiteElo "2566"]
[BlackElo "2492"]
[PlyCount "83"]
[EventDate "2003.??.??"]
[Source "www.chesslib.no"]
[SourceDate "2004.05.04"]

1. e4 c5 2. Nf3 Nc6 3. d4 cxd4 4. Nxd4 Nf6 5. Nc3 d6 6. Bg5 Qb6 7. Nb3 e6 8. Qd2 a6 9. f3 Be7 10. O-O-O O-O 11. g4 Rd8 12. h4 Qc7 13. Bxf6 Bxf6 14. g5 Bxc3 15. Qxc3 b5 16. h5 b4 17. Qe3 a5 18. g6 a4 19. Nd4 Nxd4 20. Qxd4 b3 21. Bc4 bxa2 22. Bxa2 Qa7 23. Qe5 a3 24. b4 Qe3+ 25. Kb1 Rb8 26. c3 Qe2 27. gxf7+ Kf8 28. Qh2 Qxf3 29. Qd2 Bb7 30. Rhe1 Bxe4+ 31. Ka1 d5 32. h6 g6 33. Rf1 Qh3 34. Bb1 Bf5 35. Bxf5 gxf5 36. Qd4 Qxh6 37. Rde1 Qh2 38. Rf2 Qd6 39. Qh8+ Kxf7 40. Qxh7+ Kf8 41. Rxf5+ exf5 42. Qxf5+ 1-0

[Event "Quebec Open"]
[Site "Montreal CAN"]
[Date "2007.07.24"]
[Round "5"]
[White "Shomoev, A."]
[Black "Likavsky, T."]
[Result "1/2-1/2"]
[WhiteElo "2561"]
[BlackElo "2494"]
[PlyCount "127"]
[EventDate "2007.07.20"]
[Source "www.chesslib.no"]
[SourceDate "2004.05.04"]

1. e4 c5 2. Nf3 d6 3. d4 cxd4 4. Nxd4 Nf6 5. Nc3 Nc6 6. Bg5 e6 7. Qd2 Qb6 8. Bxf6 gxf6 9. Nb3 Bd7 10. O-O-O a6 11. f4 O-O-O 12. Be2 h5 13. Rhf1 Kb8 14. Kb1 Be7 15. Rf3 h4 16. Bf1 Rh5 17. Qe1 f5 18. Nd5 exd5 19. exd5 Bf6 20. dxc6 Bxc6 21. Rf2 Be4 22. Bd3 d5 23. Rfd2 Rhh8 24. Bxe4 dxe4 25. Rxd8+ Rxd8 26. Rxd8+ Bxd8 27. c3 Qd6 28. Qf1 Bb6 29. Kc2 Be3 30. g3 h3 31. Qe2 Bg1 32. Nc1 Qc5 33. b4 Qf2 34. Qxf2 Bxf2 35. Ne2 Kc7 36. c4 Kc6 37. Kc3 Be1+ 38. Kb3 Bf2 39. Kc3 b5 40. Kb3 Be3 41. Kc3 bxc4 42. Kxc4 Kd6 43. a4 Bf2 44. b5 axb5+ 45. axb5 Bb6 46. Nd4 Bxd4 47. Kxd4 Kc7 48. Kc4 Kb7 49. Kc3 Kb6 50. Kb4 f6 51. Kc4 Ka5 52. Kc5 e3 53. b6 e2 54. b7 e1=Q 55. b8=Q Qf2+ 56. Kc4 Qc2+ 57. Kd4 Qxh2 58. Qa7+ Kb4 59. Qc5+ Kb3 60. Qc3+ Ka2 61. Qa5+ Kb1 62. Qe1+ Kb2 63. Qc3+ Kb1 64. Qe1+ 1/2-1/2

[Event "TCh-SCG Men"]
[Site "Budva"]
[Date "2004.09.16"]
[Round "8"]
[White "Marjanovic, Slavoljub"]
[Black "Damljanovic, Branko"]
[Result "1/2-1/2"]
[WhiteElo "2470"]
[BlackElo "2579"]
[PlyCount "35"]
[EventDate "2004.09.08"]
[Source "Roberto Alvarez"]
[SourceDate "2004.09.21"]

1. e4 c5 2. Nf3 Nc6 3. d4 cxd4 4. Nxd4 Nf6 5. Nc3 d6 6. Bg5 e6 7. Qd2 Qb6 8. Bxf6 gxf6 9. Nb3 a6 10. O-O-O Bd7 11. Kb1 O-O-O 12. f4 Kb8 13. Be2 h5 14. Rhf1 Bc8 15. Rf3 h4 16. a3 Be7 17. Na4 Qc7 18. c4 1/2-1/2

[Event "XXIV Open"]
[Site "Cappelle La Grande FRA"]
[Date "2008.02.22"]
[Round "8"]
[White "Reinaldo Castineira, R."]
[Black "Mamedov, Nid"]
[Result "1/2-1/2"]
[WhiteElo "2473"]
[BlackElo "2574"]
[PlyCount "49"]
[EventDate "2008.02.16"]
[Source "www.chesslib.no"]
[SourceDate "2004.05.04"]

1. e4 c5 2. Nf3 d6 3. d4 cxd4 4. Nxd4 Nf6 5. Nc3 Nc6 6. Bg5 e6 7. Qd2 Qb6 8. Bxf6 gxf6 9. Nb3 Bd7 10. O-O-O O-O-O 11. f4 Kb8 12. Be2 h5 13. Rhf1 Na5 14. Rf3 Nxb3+ 15. axb3 h4 16. Kb1 Bc6 17. f5 Bh6 18. Qe1 Bg5 19. Qf1 a6 20. Rfd3 Qc5 21. Rd4 Be3 22. R4d3 Bg5 23. Rd4 Be3 24. R4d3 Bg5 25. Rd4 1/2-1/2

[Event "St Petersburg-ch"]
[Site "St Petersburg"]
[Date "2002.04.25"]
[Round "9"]
[White "Yemelin, Vasily"]
[Black "Loginov, Valery A"]
[Result "1-0"]
[WhiteElo "2522"]
[BlackElo "2524"]
[PlyCount "51"]
[EventDate "2002.04.16"]
[Source "ChessBase"]
[SourceDate "2002.08.12"]

1. e4 c5 2. Nf3 d6 3. d4 cxd4 4. Nxd4 Nf6 5. Nc3 Nc6 6. Bg5 Qb6 7. Ndb5 a6 8. Bxf6 gxf6 9. Nd5 Qa5+ 10. Nbc3 f5 11. Qh5 Bg7 12. O-O-O fxe4 13. Bc4 Bxc3 14. bxc3 Be6 15. Rhe1 Ne5 16. Rxe4 Nxc4 17. Rxc4 Bxd5 18. Rxd5 Qxa2 19. Rc7 Kd8 20. Rxb7 Qa3+ 21. Kd2 Rc8 22. Qh3 Qa4 23. Qe3 Qh4 24. Rg5 Rc7 25. Rxc7 Kxc7 26. Qxe7+ 1-0

[Event "EUCup 17th"]
[Site "Panormo"]
[Date "2001.09.29"]
[Round "7"]
[White "Paehtz, Thomas Sr"]
[Black "Nielsen, Peter Heine"]
[Result "1/2-1/2"]
[WhiteElo "2451"]
[BlackElo "2593"]
[PlyCount "80"]
[EventDate "2001.09.22"]
[Source "ChessBase"]
[SourceDate "2001.10.26"]

1. e4 c5 2. Nf3 d6 3. d4 cxd4 4. Nxd4 Nf6 5. Nc3 a6 6. Bg5 Nc6 7. Bxf6 gxf6 8. Be2 Qb6 9. Nb3 f5 10. exf5 Bxf5 11. Nd5 Qd8 12. Bg4 Bxg4 13. Qxg4 e6 14. Ne3 Qf6 15. c3 h5 16. Qe2 O-O-O 17. O-O-O d5 18. Nd4 Nxd4 19. Rxd4 Bc5 20. Rd2 Qf4 21. h3 Rdg8 22. Re1 h4 23. Ng4 Kb8 24. Kb1 Ka8 25. f3 Rg5 26. Ne5 Rhg8 27. Nd3 Qf5 28. Qf1 Bd6 29. Ka1 Rg3 30. Ree2 R8g5 31. Qd1 Qg6 32. Ne1 Qf6 33. a3 Rg8 34. Ka2 Rc8 35. Rd4 Rgg8 36. Nd3 Rgd8 37. Qb3 Bb8 38. Rb4 Qe7 39. Qa4 Ba7 40. Rg4 Rh8 1/2-1/2

[Event "Tilburg"]
[Site "?"]
[Date "1992.??.??"]
[Round "?"]
[White "Leko, P."]
[Black "Kovalev, A."]
[Result "0-1"]
[WhiteElo "2460"]
[BlackElo "2580"]
[PlyCount "92"]
[EventDate "1992.??.??"]
[Source "ChessBase"]
[SourceDate "1992.10.01"]

1. e4 c5 2. Nf3 d6 3. d4 cxd4 4. Nxd4 Nf6 5. Nc3 Nc6 6. Bg5 a6 7. Qd2 Nxd4 8. Qxd4 e5 9. Qd2 Be6 10. O-O-O Rc8 11. f3 Qa5 12. a3 Be7 13. Kb1 h6 14. Be3 Rxc3 15. Qxc3 Qxc3 16. bxc3 d5 17. exd5 Nxd5 18. Bd2 Nb6 19. Bd3 Bxa3 20. Rhe1 Bd6 21. Bc1 Ke7 22. Bb2 Na4 23. Be4 Rc8 24. Bd5 Bxd5 25. Rxd5 Nxc3+ 26. Bxc3 Rxc3 27. Red1 Rc6 28. c4 Ke6 29. Ka2 Bc5 30. Kb3 Rb6+ 31. Kc2 Bd4 32. Re1 Rb2+ 33. Kd3 Rb3+ 34. Kd2 Kf5 35. Rd7 Kg6 36. Rd6+ f6 37. Rc1 a5 38. Rc2 a4 39. Rd5 a3 40. Ra5 b6 41. Ra7 h5 42. h4 Bc5 43. Rd7 Rb1 44. Rd3 Rh1 45. Kc3 Rxh4 46. Kb3 Rh2 0-1

[Event "Campionato europeo 2007"]
[Site "Dresda GER"]
[Date "2007.04.11"]
[Round "8.91"]
[White "Luther, Thomas"]
[Black "Lobzhanidze, Davit"]
[Result "0-1"]
[WhiteElo "2586"]
[BlackElo "2450"]
[PlyCount "72"]
[EventDate "2007.04.03"]
[Source "www.chesslib.no"]
[SourceDate "2004.05.04"]

1. e4 c5 2. Nf3 Nc6 3. d4 cxd4 4. Nxd4 Nf6 5. Nc3 d6 6. Bg5 e6 7. Qd2 Qb6 8. Bxf6 gxf6 9. Nb3 a6 10. O-O-O Bd7 11. Kb1 h5 12. f4 O-O-O 13. h4 Kb8 14. Rh3 Na5 15. Nd5 exd5 16. Nxa5 Bxh3 17. gxh3 dxe4 18. Qd5 f5 19. Nc4 Qc7 20. Ne3 Bg7 21. Nxf5 Bf6 22. c3 Rhe8 23. Be2 Qb6 24. Ka1 Qc5 25. Bxh5 Qxd5 26. Rxd5 e3 27. Rd1 Re4 28. Be2 Rxf4 29. Nxe3 Re4 30. Nd5 Rxe2 31. Nxf6 Rh8 32. h5 Rh6 33. Nd5 Rf2 34. a3 Rxh5 35. Rd3 Rh2 36. Nf4 Rb5 0-1

[Event "URS-ch sf"]
[Site "Irkutsk"]
[Date "1983.??.??"]
[Round "?"]
[White "Tseshkovsky, Vitaly"]
[Black "Panchenko, Alexander N"]
[Result "1/2-1/2"]
[WhiteElo "2560"]
[BlackElo "2475"]
[PlyCount "91"]
[EventDate "1983.09.??"]
[Source "ChessBase"]

1. e4 c5 2. Nf3 d6 3. d4 cxd4 4. Nxd4 Nf6 5. Nc3 Nc6 6. Bg5 a6 7. Nb3 e6 8. Qd2 b5 9. O-O-O b4 10. Bxf6 Qxf6 11. Na4 Rb8 12. Qe3 g5 13. Nd2 Bg7 14. Nc4 O-O 15. Qf3 Qe7 16. Nab6 Nd4 17. Qg3 Qc7 18. Qxg5 Rxb6 19. Rxd4 Rc6 20. Ne3 a5 21. Bd3 Qb6 22. Rc4 Rxc4 23. Nxc4 Qxf2 24. Qg3 Qf6 25. Rf1 Qh6+ 26. Kb1 d5 27. exd5 exd5 28. Nxa5 f5 29. Qe1 Qxh2 30. Nc6 Kh8 31. Ne7 Qd6 32. Nxc8 Rxc8 33. Rxf5 Rf8 34. Rxf8+ Qxf8 35. Qe6 Qc5 36. Qe8+ Bf8 37. Qe1 Bg7 38. g4 h6 39. Bf5 Qf8 40. Qe3 Qf6 41. Qe8+ Bf8 42. a4 bxa3 43. bxa3 Qb6+ 44. Ka2 Qd6 45. Qe3 Kg7 46. a4 1/2-1/2